<?xml version="1.0" encoding="UTF-8"?>
<marc:record xmlns:marc="http://www.loc.gov/MARC21/slim">
   <marc:leader>00000nam a2200000 a 4500</marc:leader>
   <marc:datafield ind1="1" ind2=" " tag="100">
      <marc:subfield code="a">Meighörner, Jeannine</marc:subfield>
      <marc:subfield code="4">aut</marc:subfield>
      <marc:subfield code="e">Verfasser/-in</marc:subfield>
   </marc:datafield>
   <marc:datafield ind1="0" ind2="0" tag="245">
      <marc:subfield code="a">Die Luftvergolderin</marc:subfield>
   </marc:datafield>
   <marc:datafield ind1="0" ind2="0" tag="245">
      <marc:subfield code="b">ein historischer Roman</marc:subfield>
   </marc:datafield>
   <marc:datafield ind1="0" ind2="0" tag="245">
      <marc:subfield code="c">Jeannine Meighörner</marc:subfield>
   </marc:datafield>
   <marc:datafield ind1=" " ind2="1" tag="264">
      <marc:subfield code="a">Innsbruck</marc:subfield>
      <marc:subfield code="b">Haymon Verlag</marc:subfield>
      <marc:subfield code="c">2019</marc:subfield>
   </marc:datafield>
   <marc:datafield ind1="1" ind2=" " tag="520">
      <marc:subfield code="a">DIE BERÜHRENDE GESCHICHTE VON KAISER MAXIMILIANS LETZTER BRAUT&lt;br/&gt;Als der große KAISER MAXIMILIAN die junge ANNA VON UNGARN heiratet, ist er 56 Jahre alt, seine Braut gerade einmal zwölf. Wenige Jahre später stirbt der HABSBURGER - zurück bleibt Anna. Noch trauert sie um ihren verstorbenen Mann, da sitzt sie 1521 schon Porträt für die Suche nach dem nächsten: Ein BRAUTBILD soll sie von ihrer schönsten Seite zeigen. Mit dem Blick des Künstlers dringt Annas Porträtist HANS MALER tief in die Seele der jungen Witwe, deren STREBEN NACH MACHT ihm und der Welt nicht lange verborgen bleibt. Wird sie ihr Ziel erreichen und an der Seite eines Kaisers zur MÄCHTIGSTEN FRAU EUROPAS aufsteigen?&lt;br/&gt;EINTAUCHEN IN DAS LEBEN EINER FRAU UND HERRSCHERIN AM HOF DER HABSBURGER&lt;br/&gt;Es ist die Hochzeit der RENAISSANCE die Epoche der großen ENTDECKUNGSFAHRTEN und der REFORMATION, die Zeit von KOLUMBUS, KOPERNIKUS und LUTHER, in der sich Anna als Frau und Herrscherin beweisen muss. Zwischen POLITISCHEM KALKÜL und ihrem PERSÖNLICHEN ANSPRUCH muss die gebildete junge Frau ihren eigenen Weg finden. WAS FÜR EIN LEBEN HATTE ANNA? Wie hat sie geherrscht? Was hat sie bewegt? Und welche Rolle spielte dabei ihr Brautbild, das Jahrhunderte später wieder auftaucht?&lt;br/&gt;EIN GEMÄLDE ERZÄHLT VOM LEBENSWEG EINER KÖNIGIN&lt;br/&gt;Mit SINNLICHER SPRACHE, EINDRÜCKLICHEM ZEITKOLORIT und GROßER EINFÜHLUNGSKRAFT zeichnet Jeannine Meighörner das Leben der Anna von Ungarn in der ersten großen Blütezeit der Habsburgermonarchie nach. Ein mitreißender historischer Roman über eine MUTIGE FRAU und die betörende MAGIE DER KUNST.&lt;br/&gt;[Verlagsmeldung]</marc:subfield>
   </marc:datafield>
   <marc:datafield ind1=" " ind2=" " tag="020">
      <marc:subfield code="a">9783709979167</marc:subfield>
      <marc:subfield code="9">9783709979167</marc:subfield>
   </marc:datafield>
   <marc:datafield ind1=" " ind2=" " tag="041">
      <marc:subfield code="a">ger</marc:subfield>
   </marc:datafield>
   <marc:datafield ind1=" " ind2=" " tag="300">
      <marc:subfield code="a">309 Seiten</marc:subfield>
   </marc:datafield>
</marc:record>
